Lyrics - When there was me and you / High School Musical - Statistics

General Stats
  • This quiz has been taken 83 times
  • The average score is 191 of 214
Answer Stats
Answer % Correct
a
100%
the
100%
there.
100%
there
100%
when
100%
you
100%
you.
100%
and
97%
And
97%
be
97%
I
97%
my
97%
to
97%
was
97%
could
95%
me
95%
but
92%
But
92%
did
92%
don't
92%
here
92%
I'm
92%
it
92%
It's
92%
on
92%
that
92%
want
92%
with
92%
all
90%
believe
90%
can
90%
from
90%
funny
90%
is
90%
like
90%
outside.
90%
star
90%
true.
90%
were
90%
come
87%
dream
87%
find
87%
happen?
87%
have
87%
just
87%
know
87%
looking
87%
miracles
87%
myself
87%
not
87%
now
87%
Now
87%
over
87%
sleeping
87%
sleeping.
87%
so
87%
standing
87%
upon
87%
Why
87%
wish
87%
yourself
87%
along.
85%
are
85%
care.
85%
even
85%
feel
85%
feelings
85%
for
85%
let
85%
pretend
85%
really
85%
sing
85%
then
85%
truth
85%
because
82%
Because
82%
can't
82%
confused
82%
dreams
82%
empty.
82%
fairytale
82%
heart
82%
tell
82%
thought
82%
too
82%
view
82%
words
82%
you're
82%
changed
79%
coming
79%
heard
79%
left
79%
made
79%
singing.
79%
knew
77%
melody
77%
that's
77%
wishes
77%
Cause
74%
falling
74%
once
74%
song.
74%
didn't
72%
liked
72%
only
72%
went
72%
mind.
69%
else
67%
everybody
67%
smiled
67%
blind.
64%
felt
59%
swore
54%
while
49%
used-to-be's
44%
floating
36%
No matching quizzes found
Score Distribution
Percent of People with Each Score
Percentile by Number Answered
Your Score History
You have not taken this quiz